Návrh DC-DC meniča s GaN HEMT
Na minha lista:
| Autor principal: | |
|---|---|
| Outros Autores: | |
| Formato: | Manuscrito Livro |
| Idioma: | eslovaco |
| Publicado em: |
Bratislava :
STU v Bratislave FEI,
2025
|
| Assuntos: | |
| Acesso em linha: | https://opac.crzp.sk/?fn=detailBiblioFormChildAECSGE&sid=BA75C2D62745AD5720E5919ED92F&seo=CRZP-detail-kniha |
| Tags: |
Sem tags, seja o primeiro a adicionar uma tag!
|
MARC
| LEADER | 00000ntm a22000003a 4500 | ||
|---|---|---|---|
| 001 | stuzp96670 | ||
| 003 | SK-STU | ||
| 005 | 20260128135657.3 | ||
| 007 | ta | ||
| 008 | 150427s2015----xo-----f-mn---000-0-slo-d | ||
| 040 | |a STU |b slo | ||
| 041 | 0 | |a slo | |
| 044 | |a xo | ||
| 100 | 1 | |a Kráner, Maximilián |u 033000 |4 aut |U FEI Fakulta elektrotechniky a informatiky |T FEI Ústav elektroniky a fotoniky |X 115166 |U E030 |Y 549 |7 115166 | |
| 242 | 0 | 1 | |a Design of GaN HEMT DC-DC converter |y eng |
| 245 | 1 | 0 | |a Návrh DC-DC meniča s GaN HEMT |
| 260 | |a Bratislava : |b STU v Bratislave FEI, |c 2025 | ||
| 300 | |a 63 s. | ||
| 650 | 4 | |a GaN HEMT |2 slo | |
| 650 | 4 | |a zdroj |2 slo | |
| 650 | 4 | |a izolovaný |2 slo | |
| 650 | 4 | |a výkonová elektronika |2 slo | |
| 650 | 4 | |a menič |2 slo | |
| 650 | 4 | |a DC-DC |2 slo | |
| 650 | 4 | |a flyback |2 slo | |
| 650 | 4 | |a isolated |2 eng | |
| 650 | 4 | |a power electronics |2 eng | |
| 650 | 4 | |a converter |2 eng | |
| 650 | 4 | |a DC-DC |2 eng | |
| 650 | 4 | |a flyback |2 eng | |
| 650 | 4 | |a GaN HEMT |2 eng | |
| 650 | 4 | |a power supply |2 eng | |
| 700 | 1 | |a Marek, Juraj |u 033000 |k Z1 |4 ths |U FEI Fakulta elektrotechniky a informatiky |T FEI Ústav elektroniky a fotoniky |X 24483 |U E030 |Y 549 |7 A000024483 | |
| 856 | 4 | |u https://opac.crzp.sk/?fn=detailBiblioFormChildAECSGE&sid=BA75C2D62745AD5720E5919ED92F&seo=CRZP-detail-kniha | |